000 00759nam a2200205 a 4500
005 20220520113311.0
008 030121s1994 mx r 000 0 spa d
020 _a9682451086
035 _aUPN01000121529
049 _aLT
050 4 _aLB1642 M6.3
_bV3.5
100 1 _aVázquez, Josefina Zoraida
_929473
245 1 0 _aHistoria de México :
_borígenes evolución y modernidad del pueblo mexicano : 3er. grado /
_cJosefina Zoraida Vázquez, Teresa Silva Tena, Francisco González Aramburo.
260 _aMéxico :
_bTrillas,
_c1994.
300 _a223 p. :
_bil.
651 4 _aMéxico
_xHistoria
_xEstudio y enseñanza (Secundaria)
_99913
700 1 _aSilva Tena, Teresa,
_ecoaut.
_930018
700 1 _aGonzález Aramburo, Francisco,
_ecoaut.
905 _aLibro
999 _c93761
_d93761